Cats and Dogs. (Record no. 116438)
[ view plain ]
| 000 -LEADER | |
|---|---|
| fixed length control field | 00246nam a2200109 a 4500 |
| 005 - DATE AND TIME OF LATEST TRANSACTION | |
| control field | 20140513081054.0 |
| 008 - FIXED-LENGTH DATA ELEMENTS--GENERAL INFORMATION | |
| fixed length control field | 090905s19uu xx 00 eng d |
| 050 ## - LIBRARY OF CONGRESS CALL NUMBER | |
| Classification number | DVD |
| Item number | Ca357 2001 |
| 245 ## - TITLE STATEMENT | |
| Title | Cats and Dogs. |
| 260 ## - PUBLICATION, DISTRIBUTION, ETC. (IMPRINT) | |
| Name of publisher, distributor, etc | Dolby. |
| Withdrawn status | Lost status | Damaged status | Home library | Current library | Shelving location | Date acquired | Source of acquisition | Total Checkouts | Full call number | Barcode | Date last seen | Price effective from | Koha item type |
|---|---|---|---|---|---|---|---|---|---|---|---|---|---|
| Elizalde Library | Elizalde Library | Audio Visual Material Section | 09/05/2009 | DVD Ca357 2001 | E479 | 05/13/2014 | 05/13/2014 | Audio Visual Materials |